| 000 | 00674cam a2200265 4500 | ||
|---|---|---|---|
| 008 | 090401t1997 xxu||||| |||| 00| 0 eng d | ||
| 020 | _a0851423965 | ||
| 035 | _a(Sirsi) u73341 | ||
| 041 | _aeng | ||
| 050 | _a021.7 | ||
| 100 | _aCoote, Helen | ||
| 245 | _aHow to market your library service effectively. | ||
| 250 | _a2nd ed. | ||
| 260 |
_aLondon _bASLIB _c1997 |
||
| 300 | _a52p. ; 21cm. | ||
| 350 | _a10 | ||
| 490 | _aAslib Know How Guide | ||
| 650 | _aLIBRARIES | ||
| 650 | _aMARKETING | ||
| 690 | _aMANAGEMENT-BUSINESS MANAGEMENT-PROFESSIONAL PRACTICE | ||
| 700 | _aBatchelor, Bridget | ||
| 710 |
_aAslib _9760 |
||
| 942 | _n0 | ||
| 948 | _c04/03/1997 | ||
| 999 |
_c95575 _d95575 |
||